<?xml version='1.0' encoding='UTF-8'?>
  <record xmlns="http://www.loc.gov/MARC21/slim">
    <leader>00000ccm a22000007i 4500</leader>
    <controlfield tag="001">ocn920015964</controlfield>
    <controlfield tag="003">OCoLC</controlfield>
    <controlfield tag="005">20250108150201.3</controlfield>
    <controlfield tag="008">150904q18601860be uuuu        n  u und d</controlfield>
    <datafield tag="040" ind1=" " ind2=" ">
      <subfield code="a">NLGGC</subfield>
      <subfield code="b">dut</subfield>
      <subfield code="e">fobidrtb</subfield>
      <subfield code="c">NLGGC</subfield>
      <subfield code="d">QGJ</subfield>
      <subfield code="d">OCLCA</subfield>
      <subfield code="d">OCLCO</subfield>
      <subfield code="d">OCLCL</subfield>
      <subfield code="d">OCLCQ</subfield>
    </datafield>
    <datafield tag="028" ind1="5" ind2="2">
      <subfield code="a">Plaatno.</subfield>
      <subfield code="b">942</subfield>
    </datafield>
    <datafield tag="028" ind1="5" ind2="2">
      <subfield code="a">Uitgeversno.</subfield>
      <subfield code="b">M. 942</subfield>
    </datafield>
    <datafield tag="029" ind1="0" ind2=" ">
      <subfield code="a">NLGGC</subfield>
      <subfield code="b">395747325</subfield>
    </datafield>
    <datafield tag="035" ind1=" " ind2=" ">
      <subfield code="a">(OCoLC)920015964</subfield>
    </datafield>
    <datafield tag="041" ind1=" " ind2=" ">
      <subfield code="a">ger</subfield>
      <subfield code="a">fre</subfield>
    </datafield>
    <datafield tag="100" ind1="1" ind2=" ">
      <subfield code="a">Mendelssohn-Bartholdy, Felix</subfield>
      <subfield code="q">(Jacob Ludwig Felix),</subfield>
      <subfield code="d">1809-1847.</subfield>
      <subfield code="1">https://id.oclc.org/worldcat/entity/E39PBJmtBVdYRd3PkQgkgytMyd</subfield>
    </datafield>
    <datafield tag="240" ind1="1" ind2="4">
      <subfield code="a">Ein Sommernachtstraum.</subfield>
      <subfield code="k">Sel.</subfield>
      <subfield code="o">arr.</subfield>
    </datafield>
    <datafield tag="245" ind1="1" ind2="0">
      <subfield code="a">Hochzeitsmarsch und Elfenreichen ... /</subfield>
      <subfield code="c">von Felix Mendelssohn Bartholdy ; übertr. von Franz Liszt =</subfield>
      <subfield code="b">Paraphrase de concert sur la Marche du songe d'une nuit d'été / de F. Mendelssohn ; par Franz Liszt.</subfield>
    </datafield>
    <datafield tag="246" ind1="3" ind2=" ">
      <subfield code="a">Paraphrase de concert sur la marche du Songe d'une nuit d'été</subfield>
    </datafield>
    <datafield tag="260" ind1=" " ind2=" ">
      <subfield code="a">Liège :</subfield>
      <subfield code="b">Ve. Léop. Muraille,</subfield>
      <subfield code="c">[ca. 1860]</subfield>
    </datafield>
    <datafield tag="300" ind1=" " ind2=" ">
      <subfield code="a">Partituur. ;</subfield>
      <subfield code="c">34 cm.</subfield>
    </datafield>
    <datafield tag="336" ind1=" " ind2=" ">
      <subfield code="a">muzieknotatie</subfield>
      <subfield code="b">ntm</subfield>
      <subfield code="2">rdacontent/dut</subfield>
    </datafield>
    <datafield tag="337" ind1=" " ind2=" ">
      <subfield code="a">zonder medium</subfield>
      <subfield code="b">n</subfield>
      <subfield code="2">rdamedia/dut</subfield>
    </datafield>
    <datafield tag="338" ind1=" " ind2=" ">
      <subfield code="a">band</subfield>
      <subfield code="b">nc</subfield>
      <subfield code="2">rdacarrier/dut</subfield>
    </datafield>
    <datafield tag="500" ind1=" " ind2=" ">
      <subfield code="a">Bewerking voor piano.</subfield>
    </datafield>
    <datafield tag="700" ind1="1" ind2=" ">
      <subfield code="a">Liszt, Franz,</subfield>
      <subfield code="d">1811-1886.</subfield>
      <subfield code="1">https://id.oclc.org/worldcat/entity/E39PBJtRPrP8DRwRCwy37TVV4q</subfield>
    </datafield>
    <datafield tag="936" ind1=" " ind2=" ">
      <subfield code="a">BATCHLOAD</subfield>
    </datafield>
  </record>